Largest Cities in Texas by Letter - Statistics

General Stats
  • This quiz has been taken 566 times
  • The average score is 14 of 25
Answer Stats
Letter Population Texas City % Correct
A 950,715 Austin
99%
D 1,341,075 Dallas
99%
H 2,312,717 Houston
98%
S 1,511,946 San Antonio
94%
E 683,577 El Paso
93%
F 874,168 Fort Worth
92%
C 325,605 Corpus Christi
84%
L 260,654 Laredo
76%
W 136,436 Waco
76%
B 183,299 Brownsville
69%
I 240,373 Irving
69%
P 286,143 Plano
69%
O 116,861 Odessa
64%
G 238,002 Garland
62%
K 145,482 Killeen
61%
R 123,678 Round Rock
47%
M 181,330 McKinney
46%
T 104,991 Tyler
45%
V 67,106 Victoria
32%
J 14,910 Jacksonville
23%
N 79,152 New Braunfels
22%
Y 5,960 Yoakum
8%
Q 2,529 Quanah
7%
Z 719 Zavalla
7%
U 25,201 University Park
5%
No matching quizzes found
Score Distribution
Percent of People with Each Score
Percentile by Number Answered
Your Score History
You have not taken this quiz